Cases in marketing management / (Record no. 344581)

000 -LEADER
fixed length control field 00994 a2200229 4500
020 ## - INTERNATIONAL STANDARD BOOK NUMBER
International Standard Book Number 0471547468
020 ## - INTERNATIONAL STANDARD BOOK NUMBER
International Standard Book Number 9780471547464
082 04 - DEWEY DECIMAL CLASSIFICATION NUMBER
Classification number 658.8
090 ## - LOCALLY ASSIGNED LC-TYPE CALL NUMBER (OCLC); LOCAL CALL NUMBER (RLIN)
-- 2078
-- 2078
100 1# - MAIN ENTRY--PERSONAL NAME
Personal name Dalrymple, Douglas J.
245 10 - TITLE STATEMENT
Title Cases in marketing management /
Statement of responsibility, etc. Douglas J. Dalrymple.
250 ## - EDITION STATEMENT
Edition statement 1st ed.
260 ## - PUBLICATION, DISTRIBUTION, ETC.
Place of publication, distribution, etc. [S.l.] :
Name of publisher, distributor, etc. Wiley,
Date of publication, distribution, etc. 1991.
300 ## - PHYSICAL DESCRIPTION
Extent 608 p. ;
Dimensions 25 cm.
500 ## - GENERAL NOTE
General note Hardcover.
520 ## - SUMMARY, ETC.
Summary, etc. Offers an outstanding set of case materials and simulation for use in a variety of marketing courses. The 50 cases provide not only a wealth of background and trends but cover a wide assortment of marketing situations in consumer, industrial, domestic and international settings.
700 1# - ADDED ENTRY--PERSONAL NAME
Personal name Parsons, Leonard J.
700 1# - ADDED ENTRY--PERSONAL NAME
Personal name Jeannet, Jean-Pierre.
856 40 - ELECTRONIC LOCATION AND ACCESS
Materials specified Amazon.com
Uniform Resource Identifier <a href="http://www.amazon.com/exec/obidos/ASIN/0471547468/chopaconline-20">http://www.amazon.com/exec/obidos/ASIN/0471547468/chopaconline-20</a>
856 40 - ELECTRONIC LOCATION AND ACCESS
Materials specified Amazon customer reviews
Uniform Resource Identifier <a href="http://www.chopac.org/cgi-bin/tools/azrev.pl?q=0471547468">http://www.chopac.org/cgi-bin/tools/azrev.pl?q=0471547468</a>
942 ## - ADDED ENTRY ELEMENTS (KOHA)
Institution code [OBSOLETE] NBS
Koha item type Book
Call number prefix 658.8 DAL
Holdings
Withdrawn status Lost status Damaged status Not for loan Permanent Location Current Location Date acquired Total Checkouts Full call number Barcode Date last seen Price effective from Koha item type
        Central Library (CL) Central Library (CL) 08/28/2013   658.8 DAL NBS2600 08/28/2013 08/28/2013 Book
© 2023 Central Library, National University of Sciences and Technology. All Rights Reserved.